Apología "Pro vita sua" Historia de mis ideas religiosas.
Gespeichert in:
| 1. Verfasser: | |
|---|---|
| Weitere Verfasser: | |
| Format: | Buch |
| Sprache: | Spanisch |
| Veröffentlicht: |
Santiago, Chile:
Universitaria,
1994.
|
| Ausgabe: | Primera edición. |
| Schlagworte: | |
| Tags: |
Tag hinzufügen
Keine Tags, Fügen Sie den ersten Tag hinzu!
|
MARC
| LEADER | 00000nam a2200000 a 4500 | ||
|---|---|---|---|
| 001 | UCM9754 | ||
| 003 | CL-VaPUC | ||
| 005 | 20231023172324.0 | ||
| 008 | 030516e19940000CL |||||||||||||||||spa|d | ||
| 999 | |c 303883 |d 303881 | ||
| 020 | |a 956-11-1022-9 | ||
| 040 | |c Pontificia Universidad Católica de Valparaíso | ||
| 082 | 0 | 4 | |a 230.01 NEW 1994 |2 21 |
| 100 | |a Newman, John Henry, |d 1801-1890 |9 333795 |e autor | ||
| 245 | 1 | 0 | |a Apología "Pro vita sua" |b Historia de mis ideas religiosas. |
| 250 | |a Primera edición. | ||
| 260 | |a Santiago, Chile: |b Universitaria, |c 1994. | ||
| 300 | |a 221 páginas. | ||
| 500 | |a c.1 Donación Sr. Jorge Precht Pizarro. 26-05-23. Biblioteca Teología. c.2 Donación Sr. Jorge Precht Pizarro. 26-05-23. Biblioteca Teología. | ||
| 583 | |a last modification |c 20030516 00:00:00 |k Rodrigo Vera | ||
| 600 | 0 | |9 333795 |a Newman, John Henry, |d 1801-1890 |x Cardenal |x Iglesia Católica |v Creencia religiosa | |
| 650 | 0 | |a Catolicismo |9 258690 |x Conversión | |
| 650 | 0 | |a Filosofía cristiana |9 265980 |y Siglo 20 | |
| 700 | |9 864705 |a Ruiz Bueno, Daniel |e traductor | ||
| 942 | |c BK |2 ddc | ||
| 945 | |d 20030516 00:00:00 |a cmena | ||
| 952 | |0 0 |1 0 |4 0 |6 230_010000000000000_NEW_1994 |7 0 |8 DER_HDC |9 365463 |a BIBDER |b BIBDER |d 2019-11-21 |i 390315K |o 230.01 NEW 1994 |p 390315K |r 2023-01-25 |w 2019-11-21 |x Ubicación 4to Piso |y BK |z Estos recursos deben solicitarse con anticipación |k DER | ||
| 952 | |0 0 |1 0 |2 ddc |4 0 |6 230_010000000000000_NEW_1994 |7 0 |8 A |9 592102 |a BIBTEO |b BIBTEO |d 2023-10-23 |e Donación |i 5658846 |o 230.01 NEW 1994 |p 5658846 |r 2025-01-17 |t 2 |w 2023-10-23 |y BK |k ICR | ||